Indias financial sector an assessment (Record no. 4820)

MARC details
000 -LEADER
fixed length control field 00334nam a22001457a 4500
005 - DATE AND TIME OF LATEST TRANSACTION
control field 20160630094821.0
008 - FIXED-LENGTH DATA ELEMENTS--GENERAL INFORMATION
fixed length control field 160630b xxu||||| |||| 00| 0 eng d
041 ## - LANGUAGE CODE
Language code of text/sound track or separate title eng
082 ## - DEWEY DECIMAL CLASSIFICATION NUMBER
Item number 10915
245 ## - TITLE STATEMENT
Title Indias financial sector an assessment
260 ## - PUBLICATION, DISTRIBUTION, ETC. (IMPRINT)
Name of publisher Combridge
Year of publication 2009
300 ## - PHYSICAL DESCRIPTION
Number of Pages 402
650 ## - SUBJECT ADDED ENTRY--TOPICAL TERM
Topical Term Management
942 ## - ADDED ENTRY ELEMENTS (KOHA)
Koha item type Books
Holdings
Lost status Damaged status Home library Current library Shelving location Date acquired Full call number Accession Number Koha item type
    JRU Library   SHELF-32-D 30/06/2016 10915 10915 Books